00226nam a2200085Ia 4500008004100000041000800041100002000049245003600069260003500105241105s9999 xx 000 0 und d aeng aPatankar Rutuja aInternational Airport At Nagpur bFinal Year B. Arch, BNCAc2014